Statistics for Complete the Jinjer Song Title

Click here to take the quiz!

General Stats

  • This quiz has been taken 8 times
  • The average score is 18 of 26

Answer Stats

HintAnswer% Correct
Pit OfConsciousness
100%
On TheTop
100%
I SpeakAstronomy
80%
When Two EmpiresCollide
80%
Beggar'sDance
80%
CloudFactory
80%
Who Is Gonna Be TheOne
80%
Dead Hands Feel NoPain
80%
Judgement &Punishment
80%
Pearls AndSwine
80%
TeacherTeacher!
80%
Words OfWisdom
80%
JustAnother
60%
HomeBack
60%
CaptainClock
60%
PausingDeath
60%
Under TheDome
60%
As I BoilIce
60%
A Plus Or AMinus
60%
DreadfulMoments
60%
Sit Stay RollOver
60%
Sleep Of TheRighteous
60%
Dip ASail
60%
Call Me ASymbol
60%
No Hoard OfValue
60%
BadWater
60%

Score Distribution

Percentile by Number Answered

Percent of People with Each Score

Your Score History

You have not taken this quiz